Pevná farmaceutická kompozícia s riadeným uvoľňovaním. A61K 9/20

Podrobná bibliografia
Hlavný autor: Broad, Neville (Autor)
Médium: Kniha
Jazyk:neznámy jazyk
Fyzický popis:6 s.
Vydavateľské údaje: Banská Bystrica Úrad priemyselného vlastníctva SR 2002

MARC

LEADER 00000nam a2200000 a 4500
001 vtls001435326
003 SK-MaSNL
005 20260301013354.0
008 240314s2002 xo 0 und
035 |a SNK000390413 
040 |a SNK  |b slo  |c SNK  |e AACR2 
044 |a xo  |c SK 
100 1 |a Broad, Neville  |4 aut  |9 300006 
245 1 0 |a Pevná farmaceutická kompozícia s riadeným uvoľňovaním. A61K 9/20 
260 |a Banská Bystrica  |b Úrad priemyselného vlastníctva SR  |c 2002 
300 |a 6 s. 
999 |c 555927  |d 557857 
952 |t P60, <04>, [BOOK], {604}  |a SNK  |b SNK  |y VYP  |7 0  |p 17A0345059  |o snkSK 282427  |i snkPS 219/2002  |0 0  |1 0  |4 0  |d 2002-05-30  |l 0  |r 2005-01-02 00:00:00  |w 2026-02-23